Intergovernmental fiscal transfers in Asia: (Record no. 3107)
[ view plain ]
| 000 -LEADER | |
|---|---|
| fixed length control field | 00754nam a2200193 4500 |
| 008 - FIXED-LENGTH DATA ELEMENTS--GENERAL INFORMATION | |
| fixed length control field | 160622b xxu||||| |||| 00| 0 eng d |
| 020 ## - INTERNATIONAL STANDARD BOOK NUMBER | |
| International Standard Book Number | 9715614523 |
| 082 ## - DEWEY DECIMAL CLASSIFICATION NUMBER | |
| Edition number | 2002 |
| Classification number | DFil 336.185 |
| Item number | In81 |
| 245 ## - TITLE STATEMENT | |
| Title | Intergovernmental fiscal transfers in Asia: |
| Remainder of title | current practice and challenges for the future/ |
| Statement of responsibility, etc. | edited by Paul Smoke and Yun-Hwan Kim. |
| 260 ## - PUBLICATION, DISTRIBUTION, ETC. (IMPRINT) | |
| Place of publication, distribution, etc. | Manila, Philippines: |
| Name of publisher, distributor, etc. | Asian Development Bank, |
| Date of publication, distribution, etc. | c2002. |
| 300 ## - PHYSICAL DESCRIPTION | |
| Extent | xiv, 282 pages: |
| Other physical details | illustrations; |
| Dimensions | 22 cm. |
| 500 ## - GENERAL NOTE | |
| General note | Includes bibliographical references. |
| 650 #0 - SUBJECT ADDED ENTRY--TOPICAL TERM | |
| 9 (RLIN) | 10366 |
| Topical term or geographic name as entry element | Intergovernmental fiscal relations |
| 650 #0 - SUBJECT ADDED ENTRY--TOPICAL TERM | |
| 9 (RLIN) | 10367 |
| Topical term or geographic name as entry element | Intergovernmental tax relations |
| 700 ## - ADDED ENTRY--PERSONAL NAME | |
| 9 (RLIN) | 10368 |
| Personal name | Smoke, Paul |
| Relator term | Editor |
| 700 ## - ADDED ENTRY--PERSONAL NAME | |
| 9 (RLIN) | 10369 |
| Personal name | Kim, Yun-Hwan |
| 365 ## - TRADE PRICE | |
| Price type code | Php |
| Price amount | 975.00 |
| 942 ## - ADDED ENTRY ELEMENTS (KOHA) | |
| Source of classification or shelving scheme | Dewey Decimal Classification |
| Koha item type | Filipiniana |
| Withdrawn status | Lost status | Source of classification or shelving scheme | Damaged status | Not for loan | Collection code | Home library | Current library | Date acquired | Source of acquisition | Total Checkouts | Full call number | Barcode | Date last seen | Price effective from | Koha item type |
|---|---|---|---|---|---|---|---|---|---|---|---|---|---|---|---|
| Dewey Decimal Classification | Filipiniana | UM Digos College - LIC | UM Digos College - LIC | 07/02/2004 | Purchased | DFil 336.185 In81 2002 | 17371 | 06/08/2021 | 06/22/2016 | Filipiniana |
